00000000nam##2200000za#4500
0019.607797
003CaOODSP
00520210624213315
007cr |||||||||||
008150406|2001||||xxc|||||o    f|0| 0 fre|d
040 |aCaOODSP|bfre
043 |an-cn---
0861 |aNH18-22/101-134F-PDF
1102 |aSociété canadienne d'hypothèques et de logement.
24510|aProblèmes technique liés à l'utilisation du système existant d'évacuation des eaux usées desservant à la fois une habitation principale et un pavillon-jardin érigé sur le même terrain / |h[ressource électronique]
250 |aRévision 2007
260 |aOttawa - Ontario : |bSociété canadienne d'hypothèques et de logement |cc2001, 2007.
300 |a4p.
4901 |aLe point en recherche et développement; série technique|v01-134
500 |aFichier reproduit à partir de l'original imprimé.
590 |a14-17-Supp|b2014-10-09
77508|tTechnical impediments to use of the existing on-site sewage system of a host house to service a garden suite on the same property |w(CaOODSP)9.580859
830#0|aLe point en recherche et développement; série technique ;|v01-134|w(CaOODSP)9.500900
85640|ahttp://publications.gc.ca|qPDF|s220 Ko|uhttps://publications.gc.ca/collections/collection_2014/schl-cmhc/NH18-22-101-134-fra.pdf|y01-134